It looks like you're offline.
Open Library logo
additional options menu

MARC record from Internet Archive

LEADER: 00737cam 2200241Ii 4500
001 1728316
005 20080101192343.0
008 790115s1874 enkb b 000 0 eng d
035 $a(OCoLC)04551014
035 $907-AFB-9538
035 $aucoclc4551014
035 $a1728316
040 $aEEM$cEEM$dCLU
100 1 $aHay, John Charles Dalrymple,$cSir,$d1821-1912.
245 10 $aAshanti and the Gold Coast :$band what we know of it : a sketch /$cby John Dalrymple Hay.
260 $aLondon :$bStanford,$c1874.
300 $a82 p., [1] leaf of plates :$bfold. col. map ;$c19 cm.
504 $aBibliography: p. [5]-6.
651 0 $aAshanti$xHistory.
651 0 $aGhana$xHistory.
910 $a shl 052282
935 $aMC2114255
910 $aMARS